The World Almanac and Book of Facts 2007

সংরক্ষণ করুন:
গ্রন্থ-পঞ্জীর বিবরন
প্রধান লেখক: Kashne, Zoe
বিন্যাস: গ্রন্থ
ভাষা:English
প্রকাশিত: World Almanac Book 2007
বিষয়গুলি:
ট্যাগগুলো: ট্যাগ যুক্ত করুন
কোনো ট্যাগ নেই, প্রথমজন হিসাবে ট্যাগ করুন!
Thư viện lưu trữ: Mạng thư viện Đại học Đà Nẵng
LEADER 01120cam a22003251a 4500
001 000033465
003 9635
005 20151020000000.0
008 151016s2007 000 eng
020 |a 9780886879952 
041 |a eng 
082 |a 420.30  |b KA-Z 
100 |a Kashne, Zoe 
245 |a The World Almanac and Book of Facts 2007  |c Zoe Kashner 
260 |a World Almanac Book  |c 2007 
300 |a 995p. : ill ; 20cm 
650 |a The World Almanac and Book of Facts 2007, World Almanac, Almanac, Society 
852 |b Chuyên đề  |c Tiếng Anh tham khảo 1 
OWN |a LNN 
AVA |a UDN50  |b LNN  |c Reference Works  |d 420.30 KA-Z  |e available  |t Error 5001 Not defined in file expand_doc_bib_avail.  |f 10  |g 0  |h N  |i 0  |j DT 
999 |a From the UDN01 
AVA |a UDN50  |b LNN  |c Reference Works  |d 420.30 KA-Z  |e available  |t Error 5001 Not defined in file expand_doc_bib_avail.  |f 10  |g 0  |h N  |i 0  |j DT 
TYP |a Monograph 
980 |a Mạng thư viện Đại học Đà Nẵng